Hombre y animal (Record no. 81151)

MARC details
000 -LEADER
campo de control de longitud fija 00532nam a2200157 i 4500
001 - NÚMERO DE CONTROL
campo de control 81151
003 - IDENTIFICADOR DE NÚMERO DE CONTROL
campo de control ES-MaACL
007 - CAMPO FIJO DE DESCRIPCIÓN FÍSICA--INFORMACIÓN GENERAL
campo de control de longitud fija t|
008 - DATOS DE LONGITUD FIJA--INFORMACIÓN GENERAL
campo de control de longitud fija 041103s1975 sp ||||1| spa d
245 00 - MENCIÓN DEL TÍTULO
Título Hombre y animal
Resto del título : estudios sobre comportamiento /
Mención de responsabilidad, etc. editado por Heinz Friedrich ... [et al.] ; versión, Alfredo Cruz Herce.
260 ## - PUBLICACIÓN, DISTRIBUCIÓN, ETC.
Lugar de publicación, distribución, etc. Madrid :
Nombre del editor, distribuidor, etc. Hermann Blume,
Fecha de publicación, distribución, etc. [1975]
300 ## - DESCRIPCIÓN FÍSICA
Extensión XIII, 144 p. :
Otras características físicas il. ;
Dimensiones 21 cm.
700 1# - ENTRADA AGREGADA--NOMBRE PERSONAL
Nombre de persona Friedrich, Heinz.
9 (RLIN) 52651
700 1# - ENTRADA AGREGADA--NOMBRE PERSONAL
Nombre de persona Cruz Herce, Alfredo.
9 (RLIN) 41828
852 ## - LOCALIZACIÓN
Ubicación ES-MaACL
Número de control de estantería E-8609
Sublocalización o colección R.92905
Holdings
Estatus retirado Estado de pérdida Estado de daño No para préstamo Biblioteca de origen Biblioteca actual Ubicación en estantería Fecha de adquisición Fuente de adquisición Total de préstamos Signatura topográfica completa Código de barras Visto por última vez Precio de reemplazo Tipo de ítem Koha
        Biblioteca del Ateneo de Madrid Biblioteca del Ateneo de Madrid Depósito 2 17/01/2008     E-8609 1084833 23/02/2023 23/02/2023 Libro impreso